000 00841cam a2200229 4500
008 090401t1990 xxu||||| |||| 00| 0 eng d
020 _a9519609717
035 _a(Sirsi) u36188
041 _aeng
050 _a526.9
110 _aFederation International Des Geometres
245 _aXVIX (i.e. XIX) congress ... Helsinki , Finland, June 10-19 1990: commission 8 ... urban land systems: planning and development
260 _aHelsinki
_bFIG
_c1990
300 _a207p. : ill. ; 21cm.
350 _a0
520 _aPapers include:-Conflicts between long term planning and short term demands: the case of Nottinghamshire ./ GUILLOU,N. SMITH,R. - The role and profile of the surveyor in planning./ GILBERT,HENRY .
650 _aLand use
_96251
650 _aSURVEYORS
650 _aURBAN AREAS
942 _n0
948 _c04/03/1997
999 _c90205
_d90205